[Event "Let's Play Chess!"]
[Site "http://www.queenalice.com/game.php?id=1607435"]
[Date "2020.4.14"]
[Round "-"]
[White "charles31"]
[Black "SAROS"]
[Result "0-1"]
[WhiteElo "1616"]
[BlackElo "2047"]

1. d4 f5 2. Nc3 Nf6 3. Bg5 e6 4. e3 Be7 5. h3 O-O 6. Bc4 c6 7. g4 d5 8. Bb3 Ne4
9. Nxe4 fxe4 10. Bf4 Kh8 11. f3 Bd6 12. fxe4 Bxf4 13. exf4 Qh4+ 14. Kf1 dxe4 15.
Qd2 b6 16. Qe3 Qg5 17. Ne2 Qg6 18. Ke1 Ba6 19. c4 Nd7 20. Ng3 b5 21. f5 exf5 22.
Nxf5 Rae8 23. c5 Nf6 24. Rc1 Nd5 25. Bxd5 cxd5 26. Rc2 b4 27. Nh4 Qc6 28. Rhh2
Bd3 29. Rcf2 Qa4 30. b3 Qa6 31. Rf5 Rxf5 32. Nxf5 Rf8 33. Rf2 Bb1 34. Qd2 Re8
35. Ne3 Qh6 36. Ke2 Qxh3 37. Qxb4 h5 38. c6 hxg4 39. c7 Bd3+ 40. Kd2 Kh7 41. Qd6
g3 42. Rg2 Bf1 43. Qxg3 Bxg2 44. Qxg2 Qxg2+ 45. Nxg2 Rc8 46. Nf4 Rxc7 47. Nxd5
Rd7 48. Nf4 Rxd4+ 49. Ke3 Rd1 50. Kxe4 Ra1 51. a4 Rb1 52. Nd3 Rxb3 53. Nc5 Rb4+
54. Kd5 g5 0-1

[Event "Challenge"]
[Site "http://www.queenalice.com/game.php?id=1610175"]
[Date "2020.5.1"]
[Round "-"]
[White "SAROS"]
[Black "cdare"]
[Result "1-0"]
[WhiteElo "2054"]
[BlackElo "1777"]

1. d4 Nf6 2. Bf4 d5 3. e3 a6 4. Nf3 Bg4 5. Be2 Nc6 6. c3 e6 7. Nbd2 Bd6 8. Bg3
O-O 9. Ne5 Bxe2 10. Qxe2 Bxe5 11. dxe5 Nd7 12. f4 f6 13. Bh4 Qe8 14. exf6 Nxf6
15. g4 Qg6 16. h3 Ne4 17. O-O-O Nxd2 18. Rxd2 Qe4 19. Qe1 Na5 20. Rhh2 Nc4 21.
Rde2 c6 22. b3 Na3 23. Kb2 Nb5 24. a4 Nc7 25. Bg3 Qg6 26. f5 Qf7 27. f6 g6 28.
g5 Rfe8 29. Ref2 e5 30. h4 Ne6 31. Qh1 Nc5 32. h5 Nd3+ 33. Ka2 Nxf2 34. Bxf2 c5
35. hxg6 Qxg6 36. Qxd5+ Qf7 37. Qxc5 Rac8 38. Qb4 Kh8 39. c4 Rc7 40. Qc3 Rd7 41.
e4 Red8 42. Qxe5 b5 43. Bb6 Re8 44. Qf5 Rg8 45. cxb5 axb5 46. Qxb5 Rb7 47. Qc5
Re8 48. e5 Kg8 49. a5 Reb8 50. Qc4 Qxc4 51. bxc4 Re8 52. Re2 Kf7 53. c5 Kg6 54.
c6 Rbb8 55. c7 Ra8 56. e6 Kxg5 57. f7 Rf8 58. Kb3 h5 59. Kb4 h4 60. Bc5 Rh8 61.
e7 h3 62. e8=Q 1-0

[Event "Challenge"]
[Site "http://www.queenalice.com/game.php?id=1611208"]
[Date "2020.5.7"]
[Round "-"]
[White "cdare"]
[Black "SAROS"]
[Result "0-1"]
[WhiteElo "1786"]
[BlackElo "2049"]

1. e4 e6 2. Nf3 c6 3. d4 d5 4. e5 c5 5. Bb5+ Bd7 6. Bxd7+ Qxd7 7. c3 Nc6 8. Bg5
f6 9. exf6 gxf6 10. Bh4 O-O-O 11. Nbd2 Be7 12. O-O Nh6 13. a3 Nf5 14. b4 Nxh4
15. Nxh4 c4 16. a4 Nxb4 17. cxb4 Bxb4 18. Qc2 a5 19. Nb3 b6 20. Nd2 Kb7 21. Ndf3
Qd6 22. Qc1 h5 23. g3 Rdg8 24. Kg2 Rg4 25. Ne1 Rxd4 26. Nc2 Rg4 27. Nxb4 axb4
28. Qe3 Rhg8 29. a5 Rxh4 30. axb6 Qxb6 31. Qe1 c3 32. Kh1 Re4 33. Qd1 h4 34. Qh5
Qc7 35. Rfc1 hxg3 36. fxg3 Rg5 37. Qh8 Kc6 38. Qxf6 Rf5 39. Qh8 Kb5 40. Qa8 Kc4
41. Qa6+ Kd4 42. Rd1+ Ke5 43. Qa8 Rf7 44. Qh8+ Rg7 45. Qh5+ Kd6 46. Ra6+ Kc5 47.
Qe8 c2 48. Rc1 b3 49. Qf8+ Kb5 50. Qa3 Rb4 51. Qb2 Kxa6 0-1

[Event "Challenge"]
[Site "http://www.queenalice.com/game.php?id=1629502"]
[Date "2020.10.10"]
[Round "-"]
[White "cdare"]
[Black "SAROS"]
[Result "0-1"]
[WhiteElo "1746"]
[BlackElo "2059"]

1. e4 e6 2. Nf3 c6 3. Nc3 d5 4. e5 a6 5. d4 c5 6. Bg5 Be7 7. Bxe7 Qxe7 8. Be2
Nc6 9. O-O Bd7 10. a3 cxd4 11. Nxd4 Nxe5 12. Nf3 Nc6 13. b4 Nf6 14. Re1 O-O 15.
Nd4 Nxd4 16. Qxd4 Rfc8 17. Bd3 Qd6 18. Ne2 e5 19. Bxh7+ Kxh7 20. Qh4+ Kg8 21. f4
e4 22. Rac1 Ba4 23. c3 Bb5 24. Nd4 Qd7 25. Nxb5 axb5 26. h3 Rxa3 27. Qg3 Qc7 28.
Qe3 Rca8 29. g3 Rb3 30. Qd2 Raa3 31. Re3 Qb6 32. Kg2 d4 33. Re2 d3 34. Ree1 Qa7
35. Qe3 Rb2+ 36. Kf1 d2 37. Qxa7 Rxa7 38. Ra1 dxe1=Q+ 39. Rxe1 Rba2 40. Rc1 Ra1
41. Rxa1 Rxa1+ 0-1

[Event "Challenge"]
[Site "http://www.queenalice.com/game.php?id=1631286"]
[Date "2020.10.29"]
[Round "-"]
[White "SAROS"]
[Black "cdare"]
[Result "1-0"]
[WhiteElo "2062"]
[BlackElo "1769"]

1. e4 d5 2. exd5 Nf6 3. c4 c6 4. dxc6 Nxc6 5. Nf3 e5 6. Nc3 Bc5 7. d3 O-O 8. Bg5
Be7 9. Be2 Bd7 10. O-O h6 11. Bd2 a6 12. Nd5 Nxd5 13. cxd5 Nd4 14. Nxd4 exd4 15.
f4 Bb5 16. a4 Bd7 17. Bf3 Bf6 18. Qe1 b5 19. a5 Rc8 20. Bb4 Re8 21. Qf2 Bf5 22.
Rfd1 Qc7 23. d6 Qd8 24. Bb7 Rb8 25. Bxa6 Bc8 26. Bxc8 Qxc8 27. Rdc1 Qe6 28. Re1
Qd7 29. Rac1 Rxe1+ 30. Qxe1 Re8 31. Qf2 Rc8 32. Rxc8+ Qxc8 33. Qd2 g5 34. g3 Qa8
35. Qe2 Kh8 36. fxg5 Bxg5 37. h4 Bf6 38. d7 Kg7 39. Qg4+ Kh7 40. Qf5+ Kg7 41.
Qe4 Qb8 42. Kg2 Qc7 43. Qg4+ Kh7 44. Qf5+ Kg7 45. Qxb5 Qc2+ 46. Kh3 Kg6 47. h5+
Kg7 48. a6 Qc7 49. Qb7 1-0

[Event "Challenge"]
[Site "http://www.queenalice.com/game.php?id=1642291"]
[Date "2021.2.2"]
[Round "-"]
[White "cdare"]
[Black "SAROS"]
[Result "1-0"]
[WhiteElo "1785"]
[BlackElo "2039"]

1. e4 e6 2. d4 d5 3. e5 c5 4. Nf3 Nc6 5. Bb5 Bd7 6. c3 Nxe5 7. Bxd7+ Nxd7 8. Bf4
Rc8 9. Nbd2 cxd4 10. cxd4 Ngf6 11. O-O Nb6 12. b3 Bd6 13. Bxd6 Qxd6 14. Ne5 Nfd7
15. Ndf3 Nxe5 16. dxe5 Qe7 17. Nd4 O-O 18. f4 a6 19. Qg4 Rc3 20. f5 exf5 21.
Nxf5 Qxe5 22. Rae1 Qf6 23. Nd4 Qg6 24. Qxg6 hxg6 25. Re7 Rd3 26. Rxb7 Na8 27.
Nc6 Rd2 28. a4 f6 29. Ra7 Rc2 30. Ne7+ Kh7 31. Nxd5 Rc5 32. Nf4 a5 33. Ne6 Rcc8
34. Nxf8+ Rxf8 35. Rxa5 Nc7 36. Rc5 Rf7 37. Rfc1 Na6 38. R5c4 g5 39. b4 1-0

[Event "Challenge"]
[Site "http://www.queenalice.com/game.php?id=1646387"]
[Date "2021.3.11"]
[Round "-"]
[White "SAROS"]
[Black "cdare"]
[Result "0-1"]
[WhiteElo "2066"]
[BlackElo "1789"]

1. d4 Nf6 2. Nf3 d5 3. g3 h6 4. Bg2 Nc6 5. O-O Bf5 6. c3 e6 7. Bf4 Bd6 8. Bxd6
Qxd6 9. Nbd2 O-O 10. Nb3 b6 11. Nbd2 Ne7 12. Re1 Ng6 13. Kh1 c5 14. Nf1 Ne4 15.
N3d2 Nxf2+ 0-1

[Event "Challenge"]
[Site "http://www.queenalice.com/game.php?id=1759548"]
[Date "2021.5.16"]
[Round "-"]
[White "SAROS"]
[Black "cdare"]
[Result "1-0"]
[WhiteElo "2013"]
[BlackElo "1735"]

1. d4 Nf6 2. Nf3 d5 3. g3 Nc6 4. Bg2 Bf5 5. O-O e6 6. Nh4 Bg4 7. Bg5 Be7 8. f3
Bh5 9. Bh3 O-O 10. Ng2 h6 11. Be3 Nh7 12. c3 f5 13. Qc1 Ng5 14. Bxg5 Bxg5 15. f4
Bf6 16. Qe1 a6 17. Ne3 b5 18. Nd2 Ne7 19. Nf3 Bxf3 20. exf3 c6 21. Nc2 Qc8 22.
Qe2 Ng6 23. a3 Re8 24. Qd3 Nf8 25. g4 Ng6 26. Qd2 Bh4 27. Nb4 a5 28. Nd3 fxg4
29. fxg4 Rf8 30. f5 exf5 31. gxf5 Bg5 32. Qe2 Nh4 33. Ne5 Nxf5 34. Qg4 Ne3 35.
Rxf8+ Qxf8 36. Qe6+ Kh7 37. Qg6+ Kh8 38. Nf7+ Kg8 39. Be6 Re8 40. Nxh6+ Kh8 41.
Nf7+ Kg8 42. Nxg5+ Rxe6 43. Qh7# 1-0

[Event "Challenge"]
[Site "http://www.queenalice.com/game.php?id=1765333"]
[Date "2021.7.26"]
[Round "-"]
[White "cdare"]
[Black "SAROS"]
[Result "0-1"]
[WhiteElo "1759"]
[BlackElo "2018"]

1. e4 e6 2. Nf3 c6 3. Bc4 d5 4. exd5 cxd5 5. Bb3 Nc6 6. c3 Nf6 7. d4 Bd6 8. Bg5
h6 9. Bxf6 Qxf6 10. Nbd2 b5 11. O-O a5 12. a3 O-O 13. h3 a4 14. Ba2 Ne7 15. Rc1
Bb7 16. Qc2 g5 17. Ne5 Bxe5 18. dxe5 Qxe5 19. Bb1 f5 20. Nf3 Qg7 21. Nd4 Qf6 22.
Rfe1 Bc8 23. f3 Bd7 24. g4 Rf7 25. Re2 e5 26. Nxf5 Nxf5 27. gxf5 Bxf5 28. Qxf5
Qxf5 29. Bxf5 Rxf5 30. Kg2 Kf7 31. Rd1 Ke6 32. Red2 Rd8 33. Kg3 h5 34. Rd3 Rf4
35. Re3 Rdf8 36. Rde1 R4f5 37. R1e2 Kd6 38. Rf2 Rf4 39. Rfe2 R8f5 40. Re1 h4+
41. Kg2 e4 42. Rf1 exf3+ 43. Rexf3 Rxf3 44. Rxf3 Ke6 45. Re3+ Kd6 46. Rf3 Rf4
47. Rxf4 gxf4 48. Kf3 Ke5 49. Kg4 Ke4 50. Kxh4 f3 51. Kg3 Ke3 52. h4 f2 53. Kg2
Ke2 0-1

[Event "Challenge"]
[Site "http://www.queenalice.com/game.php?id=1784786"]
[Date "2022.3.14"]
[Round "-"]
[White "SAROS"]
[Black "cdare"]
[Result "1-0"]
[WhiteElo "2024"]
[BlackElo "1786"]

1. e4 e5 2. f4 exf4 3. Nf3 a6 4. Bc4 Nc6 5. a3 Bc5 6. d4 Ba7 7. c3 d6 8. Bxf4
Bg4 9. O-O Nf6 10. Qe1 O-O 11. Nbd2 Re8 12. Bd3 Bxf3 13. Rxf3 b5 14. Bg5 h6 15.
Bxf6 gxf6 16. Qg3+ Kh8 17. Qh4 Kh7 18. Rxf6 Kg7 19. Qxh6+ Kg8 20. Raf1 Rf8 21.
Qg5+ 1-0

[Event "Challenge"]
[Site "http://www.queenalice.com/game.php?id=1792446"]
[Date "2022.7.14"]
[Round "-"]
[White "cdare"]
[Black "SAROS"]
[Result "1-0"]
[WhiteElo "1814"]
[BlackElo "2011"]

1. e4 e6 2. Nf3 c6 3. d4 d5 4. e5 c5 5. c3 Nc6 6. Bb5 Bd7 7. Bf4 Nxe5 8. Bxd7+
Nxd7 9. Nbd2 Nb6 10. O-O Bd6 11. Bxd6 Qxd6 12. Ne5 f6 13. Qh5+ g6 14. Nxg6 hxg6
15. Qxh8 Kd7 16. Nf3 c4 17. Qg7+ Kc6 18. Qxg6 Qf8 19. Qc2 Qg7 20. Rae1 Re8 21.
Re3 e5 22. dxe5 Re7 23. exf6 Nxf6 24. Nd4+ Kd6 25. Nf5+ 1-0

[Event "Challenge"]
[Site "http://www.queenalice.com/game.php?id=1793040"]
[Date "2022.7.23"]
[Round "-"]
[White "SAROS"]
[Black "cdare"]
[Result "0-1"]
[WhiteElo "1970"]
[BlackElo "1775"]

1. e4 e5 2. f4 exf4 3. Nf3 Nc6 4. Bc4 Bb4 5. O-O d6 6. c3 Bc5+ 7. d4 Bb6 8. Bxf4
Nf6 9. e5 dxe5 10. Re1 O-O 11. Kh1 exf4 12. Nbd2 Bg4 13. Qc2 Bxf3 14. Nxf3 h6
15. Qf5 Qd6 16. Ne5 a6 17. Qxf4 Rae8 18. Qg3 Nd5 19. Rad1 Na5 20. Bd3 Nc6 21.
Bc4 Nde7 22. Bxf7+ Rxf7 23. Nxf7 Qxg3 24. hxg3 Kxf7 25. d5 Nb8 26. c4 Kg8 27.
Re2 Bc5 28. a3 Rf8 29. b4 Bd6 30. c5 Nxd5 31. Rxd5 Bxg3 32. Rd3 Bh4 33. Re7 Bxe7
34. Re3 Bg5 0-1

[Event "Let's Play Chess!"]
[Site "http://www.queenalice.com/game.php?id=1794574"]
[Date "2022.8.19"]
[Round "-"]
[White "igor12345"]
[Black "SAROS"]
[Result "1-0"]
[WhiteElo "1957"]
[BlackElo "2030"]

1. e4 e6 2. d4 d5 3. Nc3 Bb4 4. e5 c5 5. a3 Bxc3+ 6. bxc3 cxd4 7. cxd4 Nc6 8. c4
dxc4 9. Nf3 Nge7 10. Bxc4 O-O 11. O-O Nf5 12. Be3 Nxe3 13. fxe3 Kh8 14. Kh1 f6
15. exf6 Rxf6 16. e4 Bd7 17. Qd3 Bc8 18. d5 exd5 19. Bxd5 Ne7 20. Bc4 Qxd3 21.
Bxd3 Bg4 22. Ne5 Bh5 23. g4 Be8 24. g5 Re6 25. Rf8+ Ng8 26. Nf7+ Bxf7 27. Rxa8
g6 28. Bc4 Re7 29. Bxf7 Rxf7 30. Rxa7 h6 31. gxh6 Nxh6 32. Rb1 Re7 33. Rbxb7 1-0

[Event "Challenge"]
[Site "http://www.queenalice.com/game.php?id=1795537"]
[Date "2022.9.5"]
[Round "-"]
[White "SAROS"]
[Black "FLeicher"]
[Result "0-1"]
[WhiteElo "1987"]
[BlackElo "1955"]

1. d4 d5 2. c4 Nf6 3. Nc3 e6 4. Nf3 Nbd7 5. Bg5 Be7 6. e3 c6 7. Be2 O-O 8. O-O
Re8 9. Qc2 Qc7 10. Rac1 Nb6 11. c5 Nbd7 12. Bd3 g6 13. Nh4 Nf8 14. Bh6 Nh5 15.
Nf3 Nd7 16. Ng5 Bxg5 17. Bxg5 e5 18. g4 Ng7 19. f4 e4 20. Be2 Nf8 21. b4 Bd7 22.
a4 f5 23. h3 Nfe6 24. Bh4 Qc8 25. Bf6 Nd8 26. g5 Re6 27. b5 Ne8 28. Be5 Nf7 29.
a5 Nxe5 30. fxe5 Qd8 31. h4 h6 32. b6 hxg5 33. h5 g4 34. hxg6 Rxg6 35. Rf2 Rh6
36. Rh2 Rxh2 37. Kxh2 Qh4+ 38. Kg1 Qg3+ 39. Kf1 Qxe3 40. Rd1 g3 41. Bh5 Ng7 42.
Re1 Qf2+ 43. Qxf2 gxf2 44. Kxf2 Nxh5 45. Rg1+ Kh7 46. Rh1 Kh6 47. Ne2 Be8 48.
Nf4 axb6 49. axb6 Bg6 50. e6 Rh8 51. Nxh5 Bxh5 52. Ke3 Kg5 53. Rg1+ Bg4 54. Ra1
Rh2 55. Ra7 Re2# 0-1

[Event "Challenge"]
[Site "http://www.queenalice.com/game.php?id=1798218"]
[Date "2022.10.17"]
[Round "-"]
[White "cdare"]
[Black "SAROS"]
[Result "1-0"]
[WhiteElo "1853"]
[BlackElo "1946"]

1. e4 e6 2. Nf3 c6 3. Bc4 d5 4. exd5 exd5 5. Bb3 Bg4 6. O-O Bc5 7. d4 Bd6 8. Be3
Nf6 9. Nbd2 Ne4 10. Qe1 O-O 11. Nxe4 dxe4 12. Ne5 Bxe5 13. dxe5 Kh8 14. Bc5 Nd7
15. Bxf8 Qxf8 16. Qxe4 Bh5 17. Qf5 Nxe5 18. Qxh5 Ng6 19. Rfe1 Rd8 20. g3 h6 21.
Re3 Kh7 22. Rae1 Rd7 23. c3 Qd6 24. Bc2 Qf6 25. Qg4 Rd2 26. R3e2 Rd5 27. Bb3 Rg5
28. Qc8 1-0

[Event "Challenge"]
[Site "http://www.queenalice.com/game.php?id=1801807"]
[Date "2022.12.13"]
[Round "-"]
[White "SAROS"]
[Black "cdare"]
[Result "1-0"]
[WhiteElo "1940"]
[BlackElo "1871"]

1. e4 e5 2. Nf3 Nc6 3. Bc4 Bc5 4. O-O Nf6 5. d3 h6 6. a3 d6 7. Be3 Bb6 8. c3 O-O
9. Nbd2 Bg4 10. Qc2 Bxf3 11. Nxf3 Ng4 12. Bxb6 axb6 13. h3 Nf6 14. Nd2 Kh8 15.
f4 Nh5 16. f5 Nf4 17. Nf3 g6 18. fxg6 fxg6 19. Nh2 g5 20. Ng4 Kg7 21. d4 exd4
22. cxd4 Nxd4 23. Qc3 c5 24. Kh2 b5 25. Bd5 Nxd5 26. exd5 Kg8 27. Nxh6+ Kh8 28.
Nf7+ Rxf7 29. Rxf7 b6 30. Qd3 Qg8 31. Raf1 Re8 32. R1f6 1-0

[Event "Challenge"]
[Site "http://www.queenalice.com/game.php?id=1809161"]
[Date "2023.4.2"]
[Round "-"]
[White "cdare"]
[Black "SAROS"]
[Result "1-0"]
[WhiteElo "1846"]
[BlackElo "1953"]

1. e4 c6 2. Nf3 d5 3. e5 Bf5 4. d4 e6 5. a3 c5 6. Bb5+ Nc6 7. Bxc6+ bxc6 8. Bg5
Be7 9. Bxe7 Nxe7 10. Nbd2 cxd4 11. Nxd4 Bg6 12. O-O O-O 13. N2f3 a6 14. c3 c5
15. Ne2 f6 16. Ng3 f5 17. Ng5 Qd7 18. f4 h6 19. Nf3 Bh7 20. h3 Ng6 21. b3 Ne7
22. c4 d4 23. b4 Nc6 24. Qa4 Nxe5 25. Qxd7 Nxd7 26. Rfe1 Kf7 27. bxc5 Nxc5 28.
Nxd4 Rfd8 29. Nc6 Rd3 30. Ne2 Ne4 31. Ne5+ Kg8 32. a4 Rb3 33. Nd4 Rb6 34. Rec1
Nc5 35. Ndc6 Kf8 36. Rd1 Ke8 37. g3 Rc8 38. a5 Rbxc6 39. Nxc6 Rxc6 40. Rab1 Kf7
41. Rb6 Rc7 42. Rdd6 Ra7 43. Rbc6 Nb3 44. Rxa6 Rc7 45. Rxe6 Rxc4 46. Reb6 Rc7
47. Rxb3 1-0

[Event "Challenge"]
[Site "http://www.queenalice.com/game.php?id=1815404"]
[Date "2023.7.1"]
[Round "-"]
[White "SAROS"]
[Black "cdare"]
[Result "1-0"]
[WhiteElo "1933"]
[BlackElo "1849"]

1. e4 d5 2. exd5 Nf6 3. c4 Bg4 4. f3 Bh5 5. Nc3 c6 6. Qb3 b6 7. Nh3 cxd5 8. cxd5
Nbd7 9. g4 Bg6 10. Nf4 Nc5 11. Qb5+ Qd7 12. Qb4 Qd6 13. Qb5+ Qd7 14. Qb4 Qd6 15.
d4 Ncd7 16. Qxd6 exd6 17. Nxg6 fxg6 18. Bb5 Be7 19. Bf4 O-O 20. Bg3 a6 21. Bc6
Rad8 22. O-O-O b5 23. Ne4 Nxe4 24. fxe4 Nf6 25. e5 dxe5 26. dxe5 Nxg4 27. d6
Bg5+ 28. Kc2 Ne3+ 29. Kb3 Nxd1 30. Rxd1 Bf4 31. Bxf4 Rxf4 32. e6 Rc4 33. Bd5 Rh4
34. d7 Kf8 35. Rf1+ Ke7 36. Rf7+ 1-0

[Event "Challenge"]
[Site "http://www.queenalice.com/game.php?id=1831080"]
[Date "2024.2.8"]
[Round "-"]
[White "cdare"]
[Black "SAROS"]
[Result "0-1"]
[WhiteElo "1823"]
[BlackElo "1946"]

1. e4 e6 2. Nf3 c6 3. Nc3 d5 4. e5 c5 5. Bb5+ Nc6 6. Bxc6+ bxc6 7. d3 Ba6 8. O-O
Ne7 9. Bg5 Qb6 10. Rb1 Ng6 11. b3 Be7 12. Bxe7 Nxe7 13. Na4 Qb4 14. c3 Qb5 15.
c4 dxc4 16. dxc4 Qb4 17. Qd6 Rd8 18. Qxc5 Qxc5 19. Nxc5 Bc8 20. a4 O-O 21. Ne4
Nf5 22. b4 Ba6 23. b5 cxb5 24. axb5 Bb7 25. Nfd2 Nd4 26. Nd6 Ba8 27. N6e4 f5 28.
Nc5 Ne2+ 29. Kh1 Rxd2 30. Nxe6 Rf7 31. Ng5 Rf8 32. h3 Nf4 33. Nf3 Bxf3 34. gxf3
Nxh3 35. Kg2 Nf4+ 36. Kg3 Nd3 37. f4 Rc8 38. Kf3 Nc5 39. Rbc1 g6 40. Ra1 Rc7 41.
Ra3 Rd3+ 42. Rxd3 Nxd3 43. Ke3 Nc5 44. Rd1 Ne4 45. Rc1 Kf7 46. f3 Nc5 47. Rc2
Ke6 48. Rc3 Nd7 49. Kd4 Nb6 50. c5 Nd5 51. Rc4 Nxf4 52. Rc2 Nd5 53. Rc4 g5 54.
Rc1 h5 55. Rg1 g4 56. fxg4 hxg4 57. Rh1 Nf4 58. Rh2 Rd7+ 59. Kc4 Kxe5 60. Rh1
Rd4+ 61. Kb3 Kd5 62. b6 axb6 63. cxb6 Kc6 64. Rh6+ Kb7 65. Rf6 Rb4+ 66. Kxb4
Nd5+ 0-1

[Event "Challenge"]
[Site "http://www.queenalice.com/game.php?id=1832784"]
[Date "2024.3.5"]
[Round "-"]
[White "SAROS"]
[Black "cdare"]
[Result "1-0"]
[WhiteElo "1957"]
[BlackElo "1828"]

1. e4 d5 2. e5 Nc6 3. d4 e6 4. f4 Bb4+ 5. c3 Ba5 6. Be3 Nge7 7. Bd3 O-O 8. Ne2
Bd7 9. O-O Nf5 10. Bxf5 exf5 11. a4 f6 12. b4 Nxb4 13. cxb4 Bxb4 14. Nbc3 Bxc3
15. Nxc3 c6 16. Qb3 b6 17. Nxd5 Be6 18. Nxf6+ Rxf6 19. Qc3 Rf8 20. Qxc6 Bd5 21.
Qb5 Be4 22. a5 bxa5 23. Rxa5 Qh4 24. d5 Qg4 25. Ra2 a6 26. Qe2 Qxe2 27. Rxe2 Bd3
28. Rfe1 Bxe2 29. Rxe2 Rfd8 30. d6 Kf7 31. Bb6 Rdb8 32. e6+ Kf6 33. Bd4+ Kg6 34.
e7 Kf7 35. d7 g6 36. e8=Q+ Rxe8 37. dxe8=Q+ Rxe8 38. Rxe8 Kxe8 39. h3 Kd7 40. g4
a5 41. Kf1 Kc6 42. gxf5 gxf5 43. Ke2 Kd5 44. Ke3 h5 45. h4 a4 46. Bb2 Kc4 47.
Ba3 Kc3 48. Bd6 Kc4 49. Be7 Kd5 50. Kd3 Ke6 51. Bg5 Kd5 52. Kc3 Kc5 53. Kb2 Kb4
54. Kc2 a3 55. Be7+ Ka4 56. Kb1 Kb3 57. Ka1 a2 58. Bd6 Kc3 59. Kxa2 Kd4 60. Be7
Ke4 61. Bg5 Kd4 62. Kb3 Kd3 63. Kb4 Kd4 64. Kb5 Kd5 65. Kb6 Kd6 66. Bh6 Kd5 67.
Kc7 Ke6 68. Kd8 Kf7 69. Kd7 Kf6 70. Ke8 Ke6 71. Kf8 Kf6 72. Kg8 Ke6 73. Kg7 Ke7
74. Kg6 Ke6 75. Kxh5 Kf6 76. Bf8 Kf7 77. Bb4 Kg7 78. Kg5 1-0

[Event "Challenge"]
[Site "http://www.queenalice.com/game.php?id=1853517"]
[Date "2025.3.8"]
[Round "-"]
[White "cdare"]
[Black "SAROS"]
[Result "0-1"]
[WhiteElo "1884"]
[BlackElo "1968"]

1. e4 e6 2. d4 d5 3. e5 c5 4. Nf3 Nc6 5. Bb5 Bd7 6. c3 Nxe5 7. Bxd7+ Nxd7 8. Bf4
Ngf6 9. Nbd2 Be7 10. O-O O-O 11. Ne5 Nxe5 12. Bxe5 cxd4 13. cxd4 Nd7 14. Nf3
Nxe5 15. dxe5 f6 16. Nd4 Qd7 17. Rc1 fxe5 18. Nf3 Bd6 19. a3 Qe7 20. Re1 e4 21.
Nd4 Qf6 22. Rf1 Qh6 23. g3 e3 24. fxe3 Qxe3+ 25. Kg2 Rxf1 26. Qxf1 Qxd4 27. b4
Rf8 28. Qg1 Qxg1+ 29. Kxg1 h6 30. Re1 Kf7 31. Rd1 Rc8 32. Rd2 Rc3 33. Ra2 b5 34.
Kf1 a6 35. a4 Bxb4 36. axb5 axb5 37. Rb2 Rc4 38. Ke2 e5 39. Kd1 g5 0-1

[Event "Challenge"]
[Site "http://www.queenalice.com/game.php?id=1856537"]
[Date "2025.5.1"]
[Round "-"]
[White "SAROS"]
[Black "cdare"]
[Result "1-0"]
[WhiteElo "1968"]
[BlackElo "1903"]

1. e4 d5 2. exd5 Nf6 3. d4 Nxd5 4. c4 Nf6 5. Nf3 Bg4 6. Be2 e6 7. O-O Nc6 8. Be3
Be7 9. Nc3 O-O 10. h3 Bxf3 11. Bxf3 a6 12. a3 h6 13. a4 Rb8 14. a5 Bb4 15. Ne4
Nxe4 16. Bxe4 Bxa5 17. d5 exd5 18. Bxd5 Bb4 19. Qg4 Qf6 20. Bxc6 Qxc6 21. b3 Bc5
22. Bxc5 Qxc5 23. Rfd1 Qb6 24. Rd3 Qf6 25. Rad1 Rfe8 26. Qg3 Kh7 27. Qxc7 Rec8
28. Qd6 Qxd6 29. Rxd6 Rc6 30. Rxc6 bxc6 31. Rd3 Rb7 32. Kf1 f6 33. Ke2 g5 34.
Kd2 Kg6 35. Kc3 h5 36. Rd6 Rc7 37. c5 Kf7 38. Kb4 Rb7+ 39. Kc4 Rc7 40. b4 f5 41.
Kb3 h4 42. Ka4 g4 43. Ka5 gxh3 44. gxh3 Kg7 45. Kxa6 f4 46. Kb6 Rc8 47. Rxc6
Rb8+ 48. Ka5 Ra8+ 49. Ra6 Rc8 50. c6 Kf8 51. b5 Ke7 52. Kb6 Kd6 53. Kb7 Rc7+ 54.
Kb6 Re7 55. Ra7 Rxa7 56. Kxa7 Kc7 57. f3 Kc8 58. b6 1-0

[Event "Challenge"]
[Site "http://www.queenalice.com/game.php?id=1860594"]
[Date "2025.7.26"]
[Round "-"]
[White "GabrielGabera"]
[Black "SAROS"]
[Result "1-0"]
[WhiteElo "2066"]
[BlackElo "1981"]

1. e4 e6 2. Nf3 d5 3. e5 c5 4. b4 cxb4 5. a3 bxa3 6. d4 Nc6 7. c3 Bd7 8. Bd3 h6
9. O-O a6 10. Nxa3 Nge7 11. Nc2 Nf5 12. Bd2 Nfe7 13. Qe2 Nc8 14. Rfb1 b5 15.
Bxb5 N8e7 16. Rxa6 Rxa6 17. Bxa6 Nc8 18. c4 Be7 19. cxd5 exd5 20. Ne3 O-O 21.
Bb7 N8a7 22. Qa6 Qc7 23. Nxd5 Qd8 24. Nxe7+ Qxe7 25. d5 Nxe5 26. Nxe5 Qxe5 27.
Qxa7 Rb8 28. Rc1 Rd8 29. Bc3 Qg5 30. Qe3 Qg6 31. Qe7 Qg5 32. Qxg5 hxg5 33. Ba5
Rb8 34. Rc7 Bf5 35. f3 1-0